Summer Olympics - Medalists in Triathlon - Statistics

General Stats
  • This quiz has been taken 52 times
    16 since last reset
  • The average score is 13 of 16
Answer Stats
Olympic Teams % Correct
Great Britain
100%
Australia
94%
France
94%
Spain
94%
Switzerland
94%
United States
94%
Canada
88%
Germany
88%
Norway
88%
Sweden
88%
New Zealand
81%
Portugal
81%
Austria
75%
Czechia
63%
South Africa
63%
Bermuda
44%
No matching quizzes found
Score Distribution
Percent of People with Each Score
Percentile by Number Answered
Your Score History
You have not taken this quiz since the last reset